| 000 | 00410 a2200145 4500 | ||
|---|---|---|---|
| 999 |
_c2357 _d2357 |
||
| 020 | _aXXXXXXXX | ||
| 050 | _aLB 1025 VEN 1993 | ||
| 100 |
_aVenkateswaran, S _eAuthor |
||
| 245 |
_aPrinciples of education / _cS. Venkateswara |
||
| 264 |
_aNew Delhi: _bVikas Publishing, _c1993 |
||
| 300 |
_a182p. : _bill. |
||
| 500 | _acontents page includes part A and B | ||
| 650 | _aEducation | ||
| 942 |
_2lcc _cBK _h1025 _iVEN _kLB |
||